000 00433nam a22001577a 4500
003 LK-CoDNM
005 20240913151745.0
008 240809b |||||||| |||| 00| 0 eng d
040 _aLK-CoDNM
_dLK-CoDNM
_eLK-CoDNM
041 _hENGLISH
080 _bGP1956-57st-Vol.24
245 _aParlimentary Debates 1956- 57 VOL 24 (April- June)
260 _aColombo
_bGoverment Press
_c1956-57
300 _biv, 45p. : 24 cm
942 _cBK
999 _c146833
_d146833